[Event "DEM U10 2018"]
[Site "Willingen GER"]
[Date "2018.05.23"]
[Round "7"]
[White "Malchereck, Romeo"]
[Black "Scheerer, Julian"]
[Result "0-1"]
[Termination "normal"]
[Board "26"]
[WhiteElo "1184"]
[BlackElo "1301"]
[PlyCount "40"]
[WhiteFideId "16265831"]
[BlackFideId "16265769"]
[EventCountry "GER"]
[EventRounds "11"]
[EventType "swiss"]
[EventDate "2018.05.19"]

1. e4 e5 2. Nf3 Nc6 3. Bc4 Bc5 4. O-O Nf6 5. d3 h6 6. c3 O-O 7. d4 exd4 8. cxd4
Bb6 9. Re1 d5 10. exd5 Nxd5 11. b3 Bg4 12. Bb2 Qd7 13. h3 Bxf3 14. Qxf3 Rad8
15. Nd2 Bxd4 16. Bxd4 Nxd4 17. Qe4 Ne6 18. Rad1 Nc3 19. Bxe6 fxe6 20. Qf3 Rxf3
0-1

[Event "DEM U10 2018"]
[Site "Willingen GER"]
[Date "2018.05.23"]
[Round "7"]
[White "Mader, Fabian"]
[Black "Sinka, Silas"]
[Result "1/2-1/2"]
[Termination "normal"]
[Board "28"]
[WhiteElo "1095"]
[BlackElo "1186"]
[PlyCount "60"]
[WhiteFideId "16265866"]
[BlackFideId "16265823"]
[EventCountry "GER"]
[EventRounds "11"]
[EventType "swiss"]
[EventDate "2018.05.19"]

1. e4 d6 2. d4 Nf6 3. f3 g6 4. Be3 Bg7 5. Nc3 O-O 6. Bd3 Nbd7 7. Qd2 c5 8. dxc5
Nxc5 9. g4 Nxd3+ 10. Qxd3 b6 11. Qd2 Re8 12. Nge2 Bb7 13. Ng3 d5 14. O-O-O e6
15. Bh6 Bh8 16. h4 dxe4 17. Qxd8 Raxd8 18. Ncxe4 Nxe4 19. Nxe4 f5 20. gxf5 exf5
21. Nd2 Bd4 22. Rhe1 Rxe1 23. Rxe1 Rd7 24. a3 Bg7 25. Bxg7 Kxg7 26. f4 Kf8 27.
Nc4 Bd5 28. Ne5 Re7 29. b3 Be4 30. Kd2 Re6 1/2-1/2

[Event "DEM U10 2018"]
[Site "Willingen GER"]
[Date "2018.05.23"]
[Round "7"]
[White "Cromm, Mika"]
[Black "Westedt, Felix"]
[Result "1-0"]
[Termination "normal"]
[Board "30"]
[WhiteElo "1374"]
[BlackElo "1049"]
[PlyCount "54"]
[WhiteFideId "16244915"]
[BlackFideId "16265874"]
[EventCountry "GER"]
[EventRounds "11"]
[EventType "swiss"]
[EventDate "2018.05.19"]

1. d4 Nf6 2. Nf3 g6 3. Bf4 Bg7 4. e3 d6 5. Be2 O-O 6. O-O c6 7. c4 Nbd7 8. Nc3
Qc7 9. c5 b6 10. b4 Bb7 11. Qa4 b5 12. Qc2 Nh5 13. cxd6 exd6 14. Nxb5 Qb6 15.
Bxd6 Rfc8 16. Nc3 Bf8 17. Bxf8 Nxf8 18. a3 Nd7 19. Bc4 Qc7 20. Qb3 Ndf6 21.
Rac1 Ng4 22. h3 Ngf6 23. Ne5 Rf8 24. Na4 Ne4 25. Rfd1 Bc8 26. Bd5 Nd6 27. Rxc6
Qd7 1-0

[Event "DEM U10 2018"]
[Site "Willingen GER"]
[Date "2018.05.24"]
[Round "8"]
[White "Costa, Leonardo"]
[Black "Hagner, Bennet"]
[Result "1-0"]
[Termination "normal"]
[Board "1"]
[WhiteElo "1848"]
[BlackElo "1833"]
[WhiteClock "00:09:31"]
[BlackClock "00:01:00"]
[PlyCount "61"]
[WhiteFideId "16213955"]
[BlackFideId "16224477"]
[EventCountry "GER"]
[EventRounds "11"]
[EventType "swiss"]
[EventDate "2018.05.19"]

1. e4 {[%clk 1:15:58]} 1... c6 {[%clk 1:15:33]} 2. d4 {[%clk 1:16:16]} 2... d5
{[%clk 1:15:43]} 3. Nc3 {[%clk 1:16:39]} 3... dxe4 {[%clk 1:15:30]} 4. Nxe4 {
[%clk 1:17:04]} 4... Nf6 {[%clk 1:15:33]} 5. Nxf6+ {[%clk 1:17:26]} 5... exf6 {
[%clk 1:15:58]} 6. c3 {[%clk 1:17:49]} 6... Bd6 {[%clk 1:15:55]} 7. Bd3 { [%clk
1:18:06]} 7... O-O {[%clk 1:16:10]} 8. Qc2 {[%clk 1:18:15]} 8... Re8+ { [%clk
1:16:21]} 9. Ne2 {[%clk 1:18:40]} 9... h6 {[%clk 1:16:28]} 10. O-O { [%clk
1:18:52]} 10... Nd7 {[%clk 1:16:08]} 11. Bd2 {[%clk 1:18:54]} 11... Nf8 { [%clk
1:15:32]} 12. Rae1 {[%clk 1:16:53]} 12... Qc7 {[%clk 1:13:16]} 13. Ng3 { [%clk
1:17:05]} 13... Bd7 {[%clk 1:07:45]} 14. c4 {[%clk 1:09:50]} 14... Ne6 { [%clk
1:05:32]} 15. Qc3 {[%clk 1:01:05]} 15... c5 {[%clk 0:53:51]} 16. d5 { [%clk
0:52:46]} 16... Be5 {[%clk 0:53:13]} 17. Rxe5 {[%clk 0:49:07]} 17... fxe5
{[%clk 0:53:36]} 18. dxe6 {[%clk 0:49:31]} 18... Bxe6 {[%clk 0:52:53]} 19. Re1
{[%clk 0:46:04]} 19... Rad8 {[%clk 0:51:56]} 20. Bb1 {[%clk 0:43:00]} 20...
Bxc4 {[%clk 0:49:49]} 21. Be3 {[%clk 0:36:40]} 21... b5 {[%clk 0:40:35]} 22. b3
{[%clk 0:35:31]} 22... Be6 {[%clk 0:40:11]} 23. Qc2 {[%clk 0:31:06]} 23... g6 {
[%clk 0:39:04]} 24. Bxh6 {[%clk 0:29:13]} 24... Qa5 {[%clk 0:30:47]} 25. Rf1 {
[%clk 0:25:37]} 25... c4 {[%clk 0:29:07]} 26. Qe4 {[%clk 0:23:08]} 26... Qc7 {
[%clk 0:19:20]} 27. Nh5 {[%clk 0:14:54]} 27... Kh8 {[%clk 0:16:53]} 28. Bg7+ {
[%clk 0:13:58]} 28... Kg8 {[%clk 0:16:20]} 29. Bf6 {[%clk 0:14:20]} 29... cxb3
{[%clk 0:07:53]} 30. Qh4 {[%clk 0:09:43]} 30... bxa2 {[%clk 0:01:00]} 31. Ng3 {
[%clk 0:09:31]} 1-0

[Event "DEM U10 2018"]
[Site "Willingen GER"]
[Date "2018.05.24"]
[Round "8"]
[White "Nitsche, Nikolai"]
[Black "Deuer, Marius"]
[Result "1-0"]
[Termination "normal"]
[Board "2"]
[WhiteElo "1810"]
[BlackElo "1842"]
[WhiteClock "00:34:01"]
[BlackClock "00:00:46"]
[PlyCount "59"]
[WhiteFideId "16221036"]
[BlackFideId "16236432"]
[EventCountry "GER"]
[EventRounds "11"]
[EventType "swiss"]
[EventDate "2018.05.19"]

1. e4 {[%clk 1:15:48]} 1... c5 {[%clk 1:15:53]} 2. Nf3 {[%clk 1:15:58]} 2...
Nc6 {[%clk 1:16:16]} 3. Bb5 {[%clk 1:16:09]} 3... g6 {[%clk 1:16:28]} 4. c3 {
[%clk 1:16:22]} 4... Bg7 {[%clk 1:09:14]} 5. d4 {[%clk 1:15:35]} 5... cxd4 {
[%clk 1:03:15]} 6. cxd4 {[%clk 1:14:57]} 6... Qb6 {[%clk 0:53:03]} 7. Nc3 {
[%clk 1:15:01]} 7... Nxd4 {[%clk 0:48:09]} 8. Nd5 {[%clk 1:15:14]} 8... Nxf3+ {
[%clk 0:48:33]} 9. Qxf3 {[%clk 1:15:36]} 9... Qd8 {[%clk 0:47:04]} 10. Bf4 {
[%clk 1:15:59]} 10... e5 {[%clk 0:38:00]} 11. Qc3 {[%clk 1:15:10]} 11... Ne7 {
[%clk 0:29:47]} 12. Nc7+ {[%clk 1:09:45]} 12... Qxc7 {[%clk 0:23:55]} 13. Qxc7
{[%clk 1:10:05]} 13... exf4 {[%clk 0:24:21]} 14. Rd1 {[%clk 1:08:18]} 14... O-O
{[%clk 0:18:05]} 15. Qxf4 {[%clk 1:06:09]} 15... Bxb2 {[%clk 0:15:37]} 16. O-O
{[%clk 1:04:31]} 16... Nc6 {[%clk 0:14:41]} 17. Rb1 {[%clk 0:55:30]} 17... Bg7
{[%clk 0:12:54]} 18. Bxc6 {[%clk 0:52:25]} 18... bxc6 {[%clk 0:10:48]} 19. Rfd1
{[%clk 0:51:59]} 19... c5 {[%clk 0:10:14]} 20. e5 {[%clk 0:50:08]} 20... Re8 {
[%clk 0:10:04]} 21. Qe4 {[%clk 0:44:33]} 21... Ba6 {[%clk 0:10:08]} 22. Rxd7 {
[%clk 0:41:23]} 22... Bxe5 {[%clk 0:09:17]} 23. Qd5 {[%clk 0:41:01]} 23... Kg7
{[%clk 0:04:54]} 24. Qxf7+ {[%clk 0:40:59]} 24... Kh6 {[%clk 0:05:18]} 25.
Qxh7+ {[%clk 0:41:11]} 25... Kg5 {[%clk 0:05:43]} 26. h4+ {[%clk 0:40:53]}
26... Kf5 {[%clk 0:04:58]} 27. g4+ {[%clk 0:36:22]} 27... Kxg4 {[%clk 0:02:00]}
28. Qxg6+ {[%clk 0:36:21]} 28... Kf3 {[%clk 0:01:06]} 29. Rb3+ {[%clk 0:34:01]}
29... Ke2 {[%clk 0:00:46]} 30. Qe4# 1-0

[Event "DEM U10 2018"]
[Site "Willingen GER"]
[Date "2018.05.24"]
[Round "8"]
[White "Poschadel, Andreas Gregor"]
[Black "Kempe, Caius Emilian"]
[Result "0-1"]
[Termination "normal"]
[Board "3"]
[WhiteElo "1771"]
[BlackElo "1522"]
[WhiteClock "00:04:31"]
[BlackClock "00:38:53"]
[PlyCount "70"]
[WhiteFideId "16204948"]
[BlackFideId "16246861"]
[EventCountry "GER"]
[EventRounds "11"]
[EventType "swiss"]
[EventDate "2018.05.19"]

1. d4 {[%clk 1:15:45]} 1... d5 {[%clk 1:14:29]} 2. Nf3 {[%clk 1:16:07]} 2... c5
{[%clk 1:14:01]} 3. dxc5 {[%clk 1:16:14]} 3... Bf5 {[%clk 1:13:50]} 4. Nd4 {
[%clk 1:04:48]} 4... Bg6 {[%clk 1:12:36]} 5. c3 {[%clk 1:00:24]} 5... e5 {
[%clk 1:06:55]} 6. Nb3 {[%clk 0:55:51]} 6... Nf6 {[%clk 1:05:29]} 7. Bg5 {
[%clk 0:46:05]} 7... Be7 {[%clk 0:59:48]} 8. e3 {[%clk 0:45:18]} 8... O-O {
[%clk 0:59:19]} 9. g3 {[%clk 0:43:32]} 9... Qd7 {[%clk 0:58:28]} 10. Bg2 {
[%clk 0:43:19]} 10... Rd8 {[%clk 0:58:09]} 11. Na3 {[%clk 0:39:31]} 11... Na6 {
[%clk 0:57:36]} 12. Bxf6 {[%clk 0:32:55]} 12... Bxf6 {[%clk 0:57:06]} 13. c4 {
[%clk 0:29:14]} 13... e4 {[%clk 0:56:04]} 14. Qc2 {[%clk 0:22:39]} 14... Nb4 {
[%clk 0:54:47]} 15. Qd2 {[%clk 0:16:48]} 15... Nd3+ {[%clk 0:52:28]} 16. Ke2 {
[%clk 0:16:34]} 16... Bxb2 {[%clk 0:52:17]} 17. c6 {[%clk 0:12:35]} 17... bxc6
{[%clk 0:50:15]} 18. Nc5 {[%clk 0:11:15]} 18... Qc7 {[%clk 0:49:55]} 19. Na6 {
[%clk 0:05:08]} 19... Qc8 {[%clk 0:49:15]} 20. Qa5 {[%clk 0:04:57]} 20... Bh5+
{[%clk 0:44:56]} 21. f3 {[%clk 0:04:37]} 21... exf3+ {[%clk 0:45:16]} 22. Bxf3
{[%clk 0:04:19]} 22... Bxf3+ {[%clk 0:45:36]} 23. Kxf3 {[%clk 0:04:46]} 23...
Qf5+ {[%clk 0:45:05]} 24. Ke2 {[%clk 0:05:08]} 24... Qf2+ {[%clk 0:41:32]} 25.
Kxd3 {[%clk 0:04:58]} 25... dxc4+ {[%clk 0:41:57]} 26. Kxc4 {[%clk 0:05:08]}
26... Qe2+ {[%clk 0:41:47]} 27. Kb4 {[%clk 0:02:55]} 27... Bc3+ {[%clk 0:41:33]
} 28. Kxc3 {[%clk 0:02:51]} 28... Qd2+ {[%clk 0:41:51]} 29. Kc4 {[%clk 0:02:49]
} 29... Qxa5 {[%clk 0:41:58]} 30. Nb4 {[%clk 0:03:05]} 30... Qxa3 { [%clk
0:41:50]} 31. Nxc6 {[%clk 0:03:29]} 31... Qd3+ {[%clk 0:41:02]} 32. Kc5 { [%clk
0:03:53]} 32... Qd5+ {[%clk 0:41:15]} 33. Kb4 {[%clk 0:04:16]} 33... Qe4+
{[%clk 0:38:38]} 34. Nd4 {[%clk 0:04:21]} 34... Rab8+ {[%clk 0:38:38]} 35. Kc4
{[%clk 0:04:31]} 35... Rdc8# {[%clk 0:38:53]} 0-1

[Event "DEM U10 2018"]
[Site "Willingen GER"]
[Date "2018.05.24"]
[Round "8"]
[White "Kieselbach, Jannik"]
[Black "Ermitsch, Magnus"]
[Result "0-1"]
[Termination "normal"]
[Board "4"]
[WhiteElo "1397"]
[BlackElo "1560"]
[WhiteClock "00:03:01"]
[BlackClock "00:17:52"]
[PlyCount "92"]
[WhiteFideId "16246403"]
[BlackFideId "16234464"]
[EventCountry "GER"]
[EventRounds "11"]
[EventType "swiss"]
[EventDate "2018.05.19"]

1. d4 {[%clk 1:15:57]} 1... Nf6 {[%clk 1:14:26]} 2. Bf4 {[%clk 1:15:57]} 2...
d5 {[%clk 1:12:36]} 3. e3 {[%clk 1:15:48]} 3... c5 {[%clk 1:11:43]} 4. c3 {
[%clk 1:15:50]} 4... Nc6 {[%clk 1:10:37]} 5. Bd3 {[%clk 1:15:36]} 5... cxd4 {
[%clk 1:10:04]} 6. exd4 {[%clk 1:15:43]} 6... g6 {[%clk 1:10:15]} 7. Ne2 {
[%clk 1:15:30]} 7... Bg7 {[%clk 1:08:56]} 8. h3 {[%clk 1:15:27]} 8... O-O {
[%clk 1:05:54]} 9. O-O {[%clk 1:14:47]} 9... Bd7 {[%clk 1:00:35]} 10. Nd2 {
[%clk 1:13:54]} 10... Rc8 {[%clk 0:58:30]} 11. Nf3 {[%clk 1:09:20]} 11... Na5 {
[%clk 0:55:32]} 12. Ne5 {[%clk 1:07:07]} 12... Ne8 {[%clk 0:53:56]} 13. Re1 {
[%clk 1:03:00]} 13... Nc4 {[%clk 0:53:20]} 14. Nxc4 {[%clk 1:01:55]} 14... dxc4
{[%clk 0:53:38]} 15. Bc2 {[%clk 1:01:23]} 15... Nd6 {[%clk 0:51:43]} 16. Ng3 {
[%clk 0:59:18]} 16... Re8 {[%clk 0:48:57]} 17. Ne4 {[%clk 0:53:07]} 17... Qb6 {
[%clk 0:44:58]} 18. Nc5 {[%clk 0:48:46]} 18... Bc6 {[%clk 0:41:11]} 19. Qc1 {
[%clk 0:47:22]} 19... Qd8 20. f3 {[%clk 0:44:36]} 20... b6 {[%clk 0:32:23]} 21.
Ne4 {[%clk 0:43:32]} 21... Nf5 {[%clk 0:27:56]} 22. Nd2 {[%clk 0:37:55]} 22...
Bxd4+ {[%clk 0:26:02]} 23. cxd4 {[%clk 0:32:52]} 23... Qxd4+ {[%clk 0:26:04]}
24. Kh1 {[%clk 0:32:00]} 24... Qxf4 {[%clk 0:26:22]} 25. Bxf5 {[%clk 0:31:54]}
25... Qxf5 {[%clk 0:24:31]} 26. Ne4 {[%clk 0:27:23]} 26... Bxe4 {[%clk 0:22:10]
} 27. Rxe4 {[%clk 0:26:11]} 27... Qd5 {[%clk 0:21:28]} 28. Rh4 {[%clk 0:25:30]}
28... f5 {[%clk 0:20:59]} 29. Qh6 {[%clk 0:21:50]} 29... Qf7 {[%clk 0:19:53]}
30. Rc1 {[%clk 0:19:14]} 30... e5 {[%clk 0:19:44]} 31. Rd1 {[%clk 0:17:49]}
31... e4 {[%clk 0:19:36]} 32. Rf1 {[%clk 0:16:20]} 32... e3 {[%clk 0:19:37]}
33. Re1 {[%clk 0:16:08]} 33... e2 {[%clk 0:18:57]} 34. Qd2 {[%clk 0:15:11]}
34... Rcd8 {[%clk 0:17:43]} 35. Qc2 {[%clk 0:14:29]} 35... Qe6 {[%clk 0:17:01]}
36. Qc1 {[%clk 0:06:17]} 36... b5 {[%clk 0:16:13]} 37. Qh6 {[%clk 0:04:46]}
37... Re7 {[%clk 0:16:21]} 38. Qg5 {[%clk 0:01:32]} 38... Rd1 {[%clk 0:16:17]}
39. a3 {[%clk 0:01:20]} 39... Rxe1+ {[%clk 0:16:28]} 40. Kh2 {[%clk 0:01:42]}
40... Rh1+ {[%clk 0:16:22]} 41. Kxh1 {[%clk 0:01:58]} 41... e1=Q+ { [%clk
0:16:39]} 42. Kh2 {[%clk 0:02:21]} 42... Q6e5+ {[%clk 0:16:54]} 43. f4 { [%clk
0:02:35]} 43... Qd4 {[%clk 0:17:12]} 44. Qxg6+ {[%clk 0:02:12]} 44... hxg6
{[%clk 0:17:31]} 45. Rh8+ {[%clk 0:02:37]} 45... Kxh8 {[%clk 0:17:52]} 46. h4
{[%clk 0:03:01]} 46... Qxh4# 0-1

[Event "DEM U10 2018"]
[Site "Willingen GER"]
[Date "2018.05.24"]
[Round "8"]
[White "Grabs, Peter"]
[Black "Müller, Maximilian"]
[Result "1-0"]
[Termination "normal"]
[Board "5"]
[WhiteTitle "CM"]
[WhiteElo "1480"]
[BlackElo "1497"]
[WhiteClock "00:32:29"]
[BlackClock "00:05:04"]
[PlyCount "61"]
[WhiteFideId "16203887"]
[BlackFideId "16243552"]
[EventCountry "GER"]
[EventRounds "11"]
[EventType "swiss"]
[EventDate "2018.05.19"]

1. e4 {[%clk 1:15:58]} 1... Nf6 {[%clk 1:15:56]} 2. Nc3 {[%clk 1:16:23]} 2...
d6 {[%clk 1:16:02]} 3. d4 {[%clk 1:16:47]} 3... g6 {[%clk 1:16:00]} 4. Nf3 {
[%clk 1:16:56]} 4... Bg7 {[%clk 1:15:57]} 5. Bc4 {[%clk 1:17:07]} 5... O-O {
[%clk 1:15:13]} 6. O-O {[%clk 1:17:31]} 6... e6 {[%clk 1:12:59]} 7. Bg5 { [%clk
1:16:49]} 7... Qd7 {[%clk 1:07:41]} 8. Qe2 {[%clk 1:14:22]} 8... c6 { [%clk
1:01:02]} 9. a4 {[%clk 1:11:58]} 9... d5 {[%clk 0:57:35]} 10. e5 { [%clk
1:09:39]} 10... Ne8 {[%clk 0:57:19]} 11. Bd3 {[%clk 1:08:56]} 11... a5 { [%clk
0:54:43]} 12. Nd2 {[%clk 1:03:39]} 12... b6 {[%clk 0:53:54]} 13. Na2 { [%clk
1:03:19]} 13... Na6 {[%clk 0:52:27]} 14. Nb3 {[%clk 1:00:01]} 14... Nec7 {[%clk
0:46:56]} 15. Qe3 {[%clk 0:53:09]} 15... Bb7 {[%clk 0:45:50]} 16. f4 { [%clk
0:50:03]} 16... Rac8 {[%clk 0:37:00]} 17. Rf3 {[%clk 0:47:25]} 17... h6 { [%clk
0:35:44]} 18. Bh4 {[%clk 0:45:45]} 18... Kh7 {[%clk 0:35:18]} 19. Raf1 { [%clk
0:44:12]} 19... Rh8 {[%clk 0:35:33]} 20. f5 {[%clk 0:44:19]} 20... exf5 { [%clk
0:25:04]} 21. Rxf5 {[%clk 0:43:47]} 21... Rcf8 {[%clk 0:25:09]} 22. Bf6 { [%clk
0:39:26]} 22... Kg8 {[%clk 0:23:45]} 23. Bxg7 {[%clk 0:38:51]} 23... Kxg7
{[%clk 0:24:08]} 24. Qg3 {[%clk 0:38:19]} 24... c5 {[%clk 0:21:45]} 25. Rf6 {
[%clk 0:37:18]} 25... Kg8 {[%clk 0:10:11]} 26. Bxg6 {[%clk 0:32:09]} 26... Rh7
{[%clk 0:03:50]} 27. Bf5+ {[%clk 0:31:37]} 27... Rg7 {[%clk 0:04:16]} 28. Qxg7+
{[%clk 0:31:52]} 28... Kxg7 {[%clk 0:04:40]} 29. Bxd7 {[%clk 0:32:16]} 29...
cxd4 {[%clk 0:04:38]} 30. Nxd4 {[%clk 0:32:14]} 30... Nc5 {[%clk 0:05:04]} 31.
Nf5+ {[%clk 0:32:29]} 1-0

[Event "DEM U10 2018"]
[Site "Willingen GER"]
[Date "2018.05.24"]
[Round "8"]
[White "von Mettenheim, Johannes"]
[Black "Aravindan, Midhulan"]
[Result "1-0"]
[Termination "normal"]
[Board "6"]
[WhiteElo "1581"]
[BlackElo "1446"]
[WhiteClock "00:15:24"]
[BlackClock "00:23:40"]
[PlyCount "83"]
[WhiteFideId "16244818"]
[BlackFideId "16237250"]
[EventCountry "GER"]
[EventRounds "11"]
[EventType "swiss"]
[EventDate "2018.05.19"]

1. d4 {[%clk 1:15:59]} 1... e6 {[%clk 1:15:48]} 2. c4 {[%clk 1:16:24]} 2... f5
{[%clk 1:16:12]} 3. Nc3 {[%clk 1:16:20]} 3... Bb4 {[%clk 1:16:29]} 4. Nf3 {
[%clk 1:16:36]} 4... Nf6 {[%clk 1:16:51]} 5. Bf4 {[%clk 1:15:53]} 5... O-O {
[%clk 1:16:29]} 6. e3 {[%clk 1:14:48]} 6... b6 {[%clk 1:15:30]} 7. Be2 { [%clk
1:13:50]} 7... Bb7 {[%clk 1:14:25]} 8. O-O {[%clk 1:13:37]} 8... Bxc3 { [%clk
1:13:56]} 9. bxc3 {[%clk 1:14:01]} 9... h6 {[%clk 1:14:00]} 10. a4 { [%clk
1:08:00]} 10... d6 {[%clk 1:11:58]} 11. a5 {[%clk 1:05:27]} 11... Nbd7 { [%clk
1:09:58]} 12. Qb3 {[%clk 1:01:38]} 12... Ne4 {[%clk 1:06:55]} 13. c5 { [%clk
0:56:28]} 13... Rf6 {[%clk 0:59:33]} 14. cxd6 {[%clk 0:54:47]} 14... cxd6
{[%clk 0:58:44]} 15. Bd3 {[%clk 0:47:02]} 15... Rc8 {[%clk 0:55:35]} 16. c4 {
[%clk 0:43:53]} 16... g5 {[%clk 0:55:04]} 17. Bg3 {[%clk 0:42:48]} 17... g4 {
[%clk 0:53:44]} 18. Bxe4 {[%clk 0:42:36]} 18... Bxe4 {[%clk 0:53:58]} 19. Nd2 {
[%clk 0:42:57]} 19... Qc7 {[%clk 0:51:51]} 20. Nxe4 {[%clk 0:40:38]} 20... fxe4
{[%clk 0:52:10]} 21. axb6 {[%clk 0:36:01]} 21... Nxb6 {[%clk 0:51:55]} 22. c5 {
[%clk 0:35:57]} 22... Nd5 {[%clk 0:49:24]} 23. Bxd6 {[%clk 0:36:21]} 23... Qh7
{[%clk 0:48:27]} 24. Rfb1 {[%clk 0:32:04]} 24... Rf7 {[%clk 0:47:03]} 25. Ra5 {
[%clk 0:26:53]} 25... Qf5 {[%clk 0:45:18]} 26. Bg3 {[%clk 0:24:06]} 26... h5 {
[%clk 0:42:56]} 27. Rb2 {[%clk 0:21:34]} 27... Qg5 {[%clk 0:41:23]} 28. Ra3 {
[%clk 0:16:28]} 28... h4 {[%clk 0:39:36]} 29. Be5 {[%clk 0:16:44]} 29... h3 {
[%clk 0:39:33]} 30. g3 {[%clk 0:17:03]} 30... Qf5 {[%clk 0:39:36]} 31. Qd1 {
[%clk 0:16:05]} 31... Nb4 {[%clk 0:37:07]} 32. Bf4 {[%clk 0:15:53]} 32... Nd3 {
[%clk 0:34:53]} 33. Rba2 {[%clk 0:14:54]} 33... Ra8 {[%clk 0:33:41]} 34. Qa1 {
[%clk 0:14:20]} 34... Nb4 {[%clk 0:29:37]} 35. Rxa7 {[%clk 0:13:41]} 35...
Raxa7 {[%clk 0:25:55]} 36. Rxa7 {[%clk 0:14:00]} 36... Rxa7 {[%clk 0:25:47]}
37. Qxa7 {[%clk 0:14:23]} 37... Nd3 {[%clk 0:24:45]} 38. c6 {[%clk 0:13:47]}
38... Qb5 {[%clk 0:24:25]} 39. Qb8+ {[%clk 0:14:12]} 39... Qxb8 {[%clk 0:24:29]
} 40. Bxb8 {[%clk 0:14:36]} 40... Ne1 {[%clk 0:23:16]} 41. c7 {[%clk 0:14:59]}
41... Nf3+ {[%clk 0:23:40]} 42. Kh1 {[%clk 0:15:24]} 1-0